<?xml version="1.0" encoding="UTF-8"?>
<record
    xmlns:xsi="http://www.w3.org/2001/XMLSchema-instance"
    xsi:schemaLocation="http://www.loc.gov/MARC21/slim http://www.loc.gov/standards/marcxml/schema/MARC21slim.xsd"
    xmlns="http://www.loc.gov/MARC21/slim">

  <leader>01879nas a2200277Ia 4500</leader>
  <controlfield tag="001">R050-S0757</controlfield>
  <controlfield tag="003">IT-CnALBA</controlfield>
  <controlfield tag="008">170116c99999999xx ||||||||||||   ||und||</controlfield>
  <datafield tag="040" ind1=" " ind2=" ">
    <subfield code="a">IT-CnALBA</subfield>
    <subfield code="c">IT-CnALBA</subfield>
  </datafield>
  <datafield tag="041" ind1=" " ind2=" ">
    <subfield code="a">ITALIANO</subfield>
  </datafield>
  <datafield tag="100" ind1=" " ind2=" ">
    <subfield code="a">SERPIERI ARRIGO</subfield>
  </datafield>
  <datafield tag="210" ind1=" " ind2=" ">
    <subfield code="a">NUOVA ANTOLOGIA</subfield>
  </datafield>
  <datafield tag="222" ind1=" " ind2=" ">
    <subfield code="a">NUOVA ANTOLOGIA</subfield>
  </datafield>
  <datafield tag="245" ind1=" " ind2="0">
    <subfield code="a">NUOVA ANTOLOGIA. MAGGIO AGOSTO 1950. VOL. II.  </subfield>
    <subfield code="b"> RIVISTA DI LETTERE SCIENZE ARTI</subfield>
  </datafield>
  <datafield tag="250" ind1=" " ind2=" ">
    <subfield code="a">1a ed.</subfield>
  </datafield>
  <datafield tag="260" ind1=" " ind2=" ">
    <subfield code="a"> ROMA</subfield>
    <subfield code="b">LA NUOVA ANTOLOGIA, SOC. PER AZ. </subfield>
    <subfield code="c">1950 [1&#xB0; Ed.:1950 - Ed.Ling.Originale: 1950]</subfield>
  </datafield>
  <datafield tag="300" ind1=" " ind2=" ">
    <subfield code="a">448 p. </subfield>
  </datafield>
  <datafield tag="310" ind1=" " ind2=" ">
    <subfield code="a">MENSILE</subfield>
  </datafield>
  <datafield tag="362" ind1=" " ind2=" ">
    <subfield code="a">Fascicolo: 1793-4796 / Anno: 85 (1950)</subfield>
  </datafield>
  <datafield tag="500" ind1=" " ind2=" ">
    <subfield code="a">FARINI D. GIAVICCHIOLI G. STOLBERG L. CONTESSA D'ALBANY. COMPAGNA F. GRILLI A. LA RIFORMA FONDIARIA. GIUSTI GIUSEPPE CENTENARIO DELLA MORTE. DIARIO 1898, DA D. RUINI A PELLOUX. VISITA A MAURIZIO MAETERLINCK. TRE LETTERE AL SISMONDI. TEMI MERIDIONALI DELLA NUOVA POLITICA ECONOMICA. RENATO SERRA, CARLO LINATI E LA LETTERATURA LOMBARDA NEL 1914. RASSEGNA AVVENIMENTI. LIBRI DI POLITICA SULLA GUERRA. STORIA RISORGIMENTO. SCRITTORI D'OGGI. LETTERATURA TEDESCA. OTTOCENTO ROMANTICO. MUSICA. AVVISATORE LIBRARIO. </subfield>
  </datafield>
  <datafield tag="501" ind1=" " ind2=" ">
    <subfield code="a">Societ&#xE0; San Paolo EM - Piazza San Paolo, 14 - 12051 ALBA (CN)  (non commercial uses only) &#xAE; Copyright 2017</subfield>
  </datafield>
  <datafield tag="520" ind1=" " ind2=" ">
    <subfield code="a">FARINI D. GIAVICCHIOLI G. STOLBERG L. CONTESSA D'ALBANY. COMPAGNA F. GRILLI A. LA RIFORMA FONDIARIA. GIUSTI GIUSEPPE CENTENARIO DELLA MORTE. DIARIO 1898, DA D. RUINI A PELLOUX. VISITA A MAURIZIO MAETERLINCK. TRE LETTERE AL SISMONDI. TEMI MERIDIONALI DELLA NUOVA POLITICA ECONOMICA. RENATO SERRA, CARLO LINATI E LA LETTERATURA LOMBARDA NEL 1914. RASSEGNA AVVENIMENTI. LIBRI DI POLITICA SULLA GUERRA. STORIA RISORGIMENTO. SCRITTORI D'OGGI. LETTERATURA TEDESCA. OTTOCENTO ROMANTICO. MUSICA. AVVISATORE LIBRARIO. </subfield>
  </datafield>
  <datafield tag="650" ind1=" " ind2=" ">
    <subfield code="a">PERIODICI</subfield>
  </datafield>
  <datafield tag="942" ind1=" " ind2=" ">
    <subfield code="c">CR</subfield>
  </datafield>
  <datafield tag="957" ind1=" " ind2=" ">
    <subfield code="7">1</subfield>
  </datafield>
  <datafield tag="999" ind1=" " ind2=" ">
    <subfield code="a">62323</subfield>
    <subfield code="b">NO</subfield>
    <subfield code="g">1</subfield>
    <subfield code="c">329349</subfield>
    <subfield code="d">329349</subfield>
  </datafield>
  <datafield tag="952" ind1=" " ind2=" ">
    <subfield code="0">0</subfield>
    <subfield code="1">0</subfield>
    <subfield code="4">0</subfield>
    <subfield code="6">R_050S0757</subfield>
    <subfield code="7">1</subfield>
    <subfield code="a">ALBA</subfield>
    <subfield code="b">ALBA</subfield>
    <subfield code="d">2017-01-16</subfield>
    <subfield code="l">0</subfield>
    <subfield code="o">R050-S0757</subfield>
    <subfield code="r">2017-01-16 00:00:00</subfield>
    <subfield code="w">2017-01-16</subfield>
    <subfield code="y">CR</subfield>
    <subfield code="z">(data import: 16 gennaio 2017) - By Epidotti, Vaglietti. </subfield>
  </datafield>
</record>
